Sprang; thread twisting : a creative textile technique /

Bibliographic Details
Main Author: Skowronski, Hella
Other Authors: Reddy, Mary
Format: Book
Language:English
Published: New York : Van Nostrand Reinhold Co., [1974]
Subjects:

MARC

Tag First Indicator Second Indicator Subfields
LEADER 00000cam a2200000 4500
001 in00000093479
005 20150927070148.0
008 740304s1974 nyua b 00110 eng
010 |a  73001632  
020 |a 0442276427  |c $8.95 
035 |a (OCoLC)01289071 
035 |9 AAL5326AM 
040 |a DLC  |c DLC  |d TXA  |d UtOrBLW 
049 |a TXAM  |c [718006] 
050 0 0 |a TT840  |b .S59 
082 0 |a 746.4 
100 1 |a Skowronski, Hella. 
245 1 0 |a Sprang; thread twisting :  |b a creative textile technique /  |c [by] Hella Skowronski & Mary Reddy. 
264 1 |a New York :  |b Van Nostrand Reinhold Co.,  |c [1974] 
300 |a 100 pages :  |b illustrations ;  |c 22 x 27 cm. 
336 |a text  |b txt  |2 rdacontent 
337 |a unmediated  |b n  |2 rdamedia 
338 |a volume  |b nc  |2 rdacarrier 
504 |a Bibliography: page 98. 
650 0 |a Sprang. 
700 1 |a Reddy, Mary. 
999 |a MARS 
999 f f |s 618197aa-a858-39e3-903c-3d2e7c0e886d  |i 93b0155d-5a93-3b50-9a5e-ca1a41ec7fa4  |t 0 
952 f f |p ric  |a Texas A&M University  |b Rellis Campus  |c Joint Library Facility  |d Remote Storage  |t 0  |e TT840 .S59  |h Library of Congress classification  |i unmediated -- volume  |m A14805664987 
998 f f |a TT840 .S59  |t 0  |l Remote Storage